|
|
|
|
| LEADER |
00815nam a2200217 a 4500 |
| 005 |
20151215124809.0 |
| 008 |
960221s1955 dcuabcdjdbkoqu001 0deng d |
| 003 |
ViArRB |
| 082 |
|
|
|a 658.3
|b FIS;1
|
| 100 |
|
|
|a Fisher, Cynthia D.
|9 2527
|
| 245 |
|
|
|a Human resource management
|
| 250 |
|
|
|a 3rd ed.
|
| 300 |
|
|
|a 877p.
|c Book
|
| 653 |
|
|
|a Human resource
|
| 942 |
|
|
|c BK
|6 _
|
| 260 |
|
|
|a Chennai
|b All India Publishers and Distributors
|c 1997
|
| 500 |
|
|
|a School of Management Studies- Commerce
|
| 020 |
|
|
|a 8185502307
|
| 999 |
|
|
|c 91914
|d 91914
|
| 952 |
|
|
|0 0
|1 0
|2 ddc
|4 0
|6 6583_FIS
|7 0
|9 115288
|a SMS
|b SMS
|c GEN
|d 0000-00-00
|l 6
|m 2
|o 658.3 FIS
|p SMSC01797
|r 2014-06-12
|s 2014-03-07
|w 2009-08-21
|y BK
|
| 952 |
|
|
|0 0
|1 0
|2 ddc
|4 0
|6 6583_FIS1
|7 0
|9 115289
|a SMS
|b SMS
|c GEN
|d 2009-09-23
|l 6
|o 658.3 FIS;1
|p SMSC01890
|r 2015-02-04
|s 2012-11-23
|w 2009-09-23
|y BK
|